Medzinárodná bezpečnosť v ázijsko-pacifickom regióne diplomová práca

Na minha lista:
Detalhes bibliográficos
Autor principal: Longauerová, Elena
Autor Corporativo: Fakulta medzinárodných vzťahov EU. Katedra medzinárodných ekonomických vzťahov a hospodárskej diplomacie
Outros Autores: Grešš, Martin, 1978-
Formato: Livro
Idioma:eslovaco
Publicado em: Bratislava 2025
Tags: Adicionar Tag
Sem tags, seja o primeiro a adicionar uma tag!

MARC

LEADER 00000nbm a2200000 4500
001 0309557
005 20260115134516.1
041 0 |a slo 
044 |a SK 
245 1 0 |a Medzinárodná bezpečnosť v ázijsko-pacifickom regióne  |b diplomová práca  |c Elena Longauerová ; školiteľ: Martin Grešš 
264 1 |a Bratislava  |c 2025 
300 |a 74 s. 
100 1 |a Longauerová, Elena 
700 1 |a Grešš, Martin, 1978- 
710 2 |a Fakulta medzinárodných vzťahov EU. Katedra medzinárodných ekonomických vzťahov a hospodárskej diplomacie